000 00528nam a22002177a 4500
003 UA-OsUOA
001 40254
007 ta
008 20060724b un ||||| |||| 00| 0 ukr d
090 _a821.161.1
_bК88
942 _cBK
040 _aUA-OsUOA
_bukr
_cUA-OsUOA
_dUA-OsUOA
245 _aКудруна
300 _a398 с.
955 _a2
041 _aukr
080 _a821.161.1
260 _aК.
_bНаука
_c1984
650 7 _a82 Література. Літературознавство
_2UDC
999 _c326393
_d326393